Estatísticas para Cultura Geral

Clique aqui para jogar o quiz

Estatísticas Gerais

  • Esse quiz foi jogado 19 vezes
  • A pontuação média é 5 de 15

Estatísticas das Respostas

HintResposta% Correto
Em que país podemos visitar a Muralha da China?China
72%
Em que cidade morreu a Princesa Diana após um acidente de carro?Paris
72%
De que país vem grande parte do bacalhau que comemos?Noruega
67%
Que grande empresa tem um rato como mascote?Disney
56%
Qual é a língua oficial de Singapura?Inglês
44%
Qual país é o lar ancestral do abacate e ainda é o maior produtor hoje?México
44%
Como se diz "por favor" em espanhol?Por favor
44%
Qual é a capital de El Salvador?San Salvador
44%
A que país pertence a empresa LEGO?Dinamarca
33%
Que rio atravessa a República do Congo?Congo
17%
Quem escreveu a Declaração de Independência?Thomas Jefferson
17%
O que podemos ver em grande quantidade na Eslováquia?Castelos
6%
Qual é o apelido oficial da Flórida?O Estado do Sol
6%
Que país tem como capital Bishkek?Quirguistão
6%
Para que produto tem o Turquemenistão um feriado nacional?Tapetes
0%

Distribuição das Pontuações

Percentil de Números Respondidos

Porcentagem de Pessoas com Cada Pontuação

Sua Pontuação Histórica

Você não jogou esse quiz